000
00333nam a22001457a 4500
008
230907b ||||| |||| 00| 0 eng d
020
_a
9780521313926
041
_a
eng
080
_2
SECOND EDITION
_a
521
082
_a
521DAV
100
_a
19
101
_a
ASTRO
245
_a
THE FORCES OF NATURE
_c
DAVIES.W.C.P
942
_2
udc
_c
BK
999
_c
60284
_d
60284